Statistics for World Map Minesweeper Randomized (Expert)

Click here to take the quiz!

General Stats

  • This quiz has been taken 12,390 times
  • The average score is 42 of 50

Answers on the Map

Answers color-coded by a green-red scale on the quiz's map according to % correct below.
 

Answer Stats

Country% Correct
United States
96%
Russia
95%
China
93%
Mexico
93%
Brazil
92%
France
92%
Canada
91%
Bolivia
89%
Iran
89%
Peru
89%
Spain
89%
Argentina
88%
Colombia
88%
Germany
88%
India
88%
Italy
88%
Chad
87%
D. R. Congo
87%
Indonesia
87%
Kazakhstan
87%
Niger
87%
Pakistan
87%
Paraguay
87%
Turkey
87%
Ukraine
87%
Venezuela
87%
Afghanistan
86%
Chile
86%
Ecuador
86%
Guatemala
86%
Kenya
86%
Mongolia
86%
Panama
86%
Poland
86%
South Korea
86%
Suriname
86%
Tunisia
86%
United Arab Emirates
86%
Algeria
85%
Belarus
85%
Belize
85%
Costa Rica
85%
Egypt
85%
Finland
85%
Iraq
85%
Mali
85%
Morocco
85%
Nicaragua
85%
Oman
85%
Rep. of the Congo
85%
Saudi Arabia
85%
Sudan
85%
Switzerland
85%
Thailand
85%
Yemen
85%
Belgium
84%
Bhutan
84%
Bosnia and
Herzegovina
84%
Cambodia
84%
Denmark
84%
Greece
84%
Guyana
84%
Honduras
84%
Israel
84%
Laos
84%
Libya
84%
North Korea
84%
Norway
84%
Portugal
84%
Romania
84%
Somalia
84%
South Africa
84%
South Sudan
84%
Uruguay
84%
Uzbekistan
84%
Vietnam
84%
Andorra
83%
Bangladesh
83%
Botswana
83%
Bulgaria
83%
Czech Republic
83%
Estonia
83%
Ethiopia
83%
Guinea
83%
Hungary
83%
Lesotho
83%
Lithuania
83%
Moldova
83%
Nepal
83%
Serbia
83%
Sweden
83%
Syria
83%
East Timor
82%
Latvia
82%
Myanmar
82%
Netherlands
82%
Nigeria
82%
Papua New Guinea
82%
Qatar
82%
Tajikistan
82%
Turkmenistan
82%
Angola
81%
Croatia
81%
El Salvador
81%
Gambia
81%
Georgia
81%
Ghana
81%
Lebanon
81%
Mauritania
81%
Slovakia
81%
Slovenia
81%
Togo
81%
Zimbabwe
81%
Albania
80%
Austria
80%
Azerbaijan
80%
Kyrgyzstan
80%
Luxembourg
80%
Malaysia
80%
Montenegro
80%
Mozambique
80%
Namibia
80%
North Macedonia
80%
Rwanda
80%
Zambia
80%
Benin
79%
Brunei
79%
Cameroon
79%
Djibouti
79%
Liberia
79%
Malawi
79%
Senegal
79%
Sierra Leone
79%
Tanzania
79%
Uganda
79%
Central African
Republic
78%
Eritrea
78%
Gabon
78%
Ivory Coast
78%
Jordan
78%
Monaco
78%
Armenia
77%
Burkina Faso
77%
Kosovo
77%
Kuwait
77%
San Marino
77%
Eswatini
76%
Guinea-Bissau
76%
Liechtenstein
76%
Burundi
75%
Equatorial Guinea
74%

Score Distribution

Percentile by Number Answered

Percent of People with Each Score

Your Score History

You have not taken this quiz